000 00782 aa a2200229 4500
005 20120614115619.0
010 _a
020 _c50.00
_a8174653018x
035 _aB-111254
037 _bpub
082 _a608
100 _aअंजलि शरण
_949049
245 _aअचरज भरी खोजें /
_cअंजलि शरण
246 _a
_b
260 _aदिल्ली
_bपांडुलिपि प्रकाशन
_c2004
270 _a
_b
_e
300 _a56पृ
_c22 सेमी (सजिल्द)
_b
490 _a
_949050
700 _a
_949038
942 _adpl
_cHN
_k
_2ddc
_h608
_mअंजलि
999 _c67907
_d67907